<?xml version="1.0" encoding="UTF-8"?>
<record
    xmlns:xsi="http://www.w3.org/2001/XMLSchema-instance"
    xsi:schemaLocation="http://www.loc.gov/MARC21/slim http://www.loc.gov/standards/marcxml/schema/MARC21slim.xsd"
    xmlns="http://www.loc.gov/MARC21/slim">

  <leader>01594nam a22002537a 4500</leader>
  <controlfield tag="001">020045413</controlfield>
  <controlfield tag="003">DO-SdBNP</controlfield>
  <controlfield tag="005">20180219150832.0</controlfield>
  <controlfield tag="007">02004541</controlfield>
  <controlfield tag="008">161202b    2000 ck  a  ||||| |||| 00| 0 spa d</controlfield>
  <datafield tag="020" ind1=" " ind2=" ">
    <subfield code="a">0439049989</subfield>
  </datafield>
  <datafield tag="040" ind1=" " ind2=" ">
    <subfield code="a">BPMSU</subfield>
    <subfield code="b">spa</subfield>
    <subfield code="c">BPMSU</subfield>
  </datafield>
  <datafield tag="082" ind1=" " ind2=" ">
    <subfield code="a">xxxx</subfield>
    <subfield code="b">xxxx</subfield>
  </datafield>
  <datafield tag="100" ind1="1" ind2=" ">
    <subfield code="a">Pilkey, Dav</subfield>
  </datafield>
  <datafield tag="245" ind1="1" ind2="0">
    <subfield code="a">Captain Underpants and the perilous plot of Professor Poopypants :</subfield>
    <subfield code="b">the fourth epic novel /</subfield>
    <subfield code="c">Dav Pilkey.</subfield>
  </datafield>
  <datafield tag="260" ind1=" " ind2=" ">
    <subfield code="a">New York : </subfield>
    <subfield code="b">Scholastic,</subfield>
    <subfield code="c">2000.</subfield>
  </datafield>
  <datafield tag="300" ind1=" " ind2=" ">
    <subfield code="a">151  p. :</subfield>
    <subfield code="b">il. ; </subfield>
    <subfield code="c">21 cm.</subfield>
  </datafield>
  <datafield tag="490" ind1="1" ind2=" ">
    <subfield code="a">Captain Underpants.</subfield>
  </datafield>
  <datafield tag="505" ind1=" " ind2=" ">
    <subfield code="t">George and Harold --</subfield>
    <subfield code="t">All Hail New Swissland --</subfield>
    <subfield code="t">The Field Trip --</subfield>
    <subfield code="t">Left Behind --</subfield>
    <subfield code="t">The Fun Begins --</subfield>
    <subfield code="t">Bye Bye, Mr. Fyde --</subfield>
    <subfield code="t">Here, Oh Here --</subfield>
    <subfield code="t">The Sweetness and Innocence of Children --</subfield>
    <subfield code="t">The Gerbil Jogger 2000 --</subfield>
    <subfield code="t">Just One More Thing --</subfield>
    <subfield code="t">Captain Underpants and the Pied Pooper of Piqua --</subfield>
    <subfield code="t">Professor P. Goes Cra-Z --</subfield>
    <subfield code="t">Honey, I Shrunk the School --</subfield>
    <subfield code="t">The Perilous Plot --</subfield>
    <subfield code="t">The Name Change-O-Chart 2000 --</subfield>
    <subfield code="t">Fluffy and Cheeseball --</subfield>
    <subfield code="t">Captain Underpants to the Rescue --</subfield>
    <subfield code="t">Are You There, God? It's Us, Fluffy and Cheeseball --</subfield>
    <subfield code="t">The Flight of the Goofy Glider --</subfield>
    <subfield code="t">X-tra, X-tra, X-tra, X-tra, X-tra, X-tra, X-tra, X-tra, X-tra Large Underpants --</subfield>
    <subfield code="t">The Incredibly Graphic Violence Chapter (in Flip-O-Rama) --</subfield>
    <subfield code="t">The Twenty-Second Chapter --</subfield>
    <subfield code="t">To Make a Long Story Short --</subfield>
    <subfield code="t">The Chapter Before the Last Chapter --</subfield>
    <subfield code="t">The Chapter After the Chapter Before the Last Chapter.</subfield>
  </datafield>
  <datafield tag="830" ind1=" " ind2="0">
    <subfield code="a">Captain Underpants.</subfield>
  </datafield>
  <datafield tag="942" ind1=" " ind2=" ">
    <subfield code="2">ddc</subfield>
    <subfield code="c">BK</subfield>
  </datafield>
  <datafield tag="945" ind1=" " ind2=" ">
    <subfield code="a">Inventariado, 2018 / BT</subfield>
  </datafield>
  <datafield tag="952" ind1=" " ind2=" ">
    <subfield code="0">0</subfield>
    <subfield code="1">0</subfield>
    <subfield code="2">ddc</subfield>
    <subfield code="4">0</subfield>
    <subfield code="7">0</subfield>
    <subfield code="8">CI-G</subfield>
    <subfield code="a">BPMET</subfield>
    <subfield code="b">BPMET</subfield>
    <subfield code="d">2016-12-02</subfield>
    <subfield code="e">FUNDI</subfield>
    <subfield code="l">0</subfield>
    <subfield code="o">xxxx xxxx</subfield>
    <subfield code="p">BPMSU16120041</subfield>
    <subfield code="r">2016-12-02</subfield>
    <subfield code="w">2016-12-02</subfield>
    <subfield code="y">BK</subfield>
  </datafield>
  <datafield tag="956" ind1=" " ind2=" ">
    <subfield code="2">LOPEREZ</subfield>
    <subfield code="3">10</subfield>
    <subfield code="6">20161202</subfield>
    <subfield code="8">BPMSU</subfield>
    <subfield code="a">00041</subfield>
  </datafield>
  <datafield tag="999" ind1=" " ind2=" ">
    <subfield code="c">12220</subfield>
    <subfield code="d">12220</subfield>
  </datafield>
</record>
